00334 a2200109 4500001001000000005001700010008004100027245006600068100001800134773005500152999001700207ART_5023920260410161757.0260409a 10aAspectos controvertidos del ajuste por inflación impositivo1 aVolman, Mario0 tDoctrina tributariag- N°477 (dic. 2019)wREV4296 c20267d20267